=LDR 00000nam 2200000 4500 =001 INLIS000000000054230 =005 20230515021732 =035 ##$$a 0010-0120000008 =007 ta =008 230515################g##########0#ind## =020 ##$$a 978-602-52381-0-9 =082 ##$$a 899.221 3 =084 ##$$a 899.221 3 ICH l =100 #$$a Ichsanudin Al Fikri =245 1#$$a Lentera Senja /$c Ichsanudin Al Fikri =260 ##$$a Wonosobo :$b Biti Djaya,$c 2018 =300 ##$$a viii, 530 hlm. ; $c 21 x 13 Cm. =650 #4$$a Fiksi Indonesia =250 ##$$a Cet. 1 =990 ##$$a 21900581 =990 ##$$a 21900582 =990 ##$$a 21900583 =990 ##$$a 21900584 =990 ##$$a 61901081 =990 ##$$a 61901080 =990 ##$$a 61901079 =990 ##$$a 61901078 =990 ##$$a 21900583 =990 ##$$a 21900581 =990 ##$$a 21900582 =990 ##$$a 21900584 =990 ##$$a 61901081 =990 ##$$a 61901080 =990 ##$$a 61901079 =990 ##$$a 61901078 =990 ##$$a 21900581 =990 ##$$a 21900582 =990 ##$$a 21900583 =990 ##$$a 21900584 =990 ##$$a 61901081 =990 ##$$a 61901080 =990 ##$$a 61901079 =990 ##$$a 61901078